Quizzes
Events
Quiz Creation
Community
Videos
Private Events
Remove Ads
Sign In
Join for FREE
Feedback
Dark Mode
Quiz Categories
Sports
Geography
Music
Movies
Television
Just For Fun
Miscellaneous
History
Literature
Language
Science
Gaming
Entertainment
Religion
Holiday
For Kids
Quiz Lab
Recent
Popular Today
Quiz Kudos Today
Editor Picks
Curator Picks
Quizzes by...
Day
Popularity
Type
Ratings
Length
Year
Community
Subscriptions
Recent Discussions
Orange Saloon
Badges
Playlists
Quests
Create
Leaderboards
Showdown
Live 5
Trivia Bingo
Activity
Puzzle Library
Sporcle Events
Private Events
Virtual Trivia
Globe League
Become a Host
Pub Owners
SporcleCon
Opinionation
Our Games
Videos
Blog
Mobile Apps
Partnerships
Remove Ads and Go Orange
Feedback
Music
Pop Music
The Beatles
Song
Album
Lyrics
Bands
Singers
Artist
Clip
Rock
Rap
Classical
Billboard
Country Music
Kpop
Taylor Swift
Music
Pop Music
The Beatles
Song
Album
Lyrics
Bands
Singers
Artist
Clip
Rock
Rap
Classical
Billboard
Country Music
Kpop
Taylor Swift
Random Quiz
Search Sporcle
×
Quiz Lab
Quiz Lab
Music
Album
Type in answers that appear in a list
Type in answers that appear in a list
Classic
Best Score? Go Orange.
NME 100 Greatest Albums (2006) Stats
Can you name the 100 Greatest Albums as voted by readers of NME (2006)?
By
flanderosa
15m
100 Questions
840 Plays
840 Plays
840 Plays
Comments
Comments
Give Quiz Kudos
Give Quiz Kudos
-
- Ratings
hide this ad
Replay
Link that replays current quiz
Next Quiz
Link to next quiz in quiz playlist
You Got
0%
They Got
Avg Score
59%
Avg Friend Score
Upgrade to see
Score Distribution
Jump to the score distribution portion of the page
Score
0/100
Timer
15:00
0
Plays Today
No.
Title
% Correct
6.
Nevermind
95.6%
2.
Sgt. Pepper's Lonely Hearts Club Band
91.9%
13.
The Beatles (The White Album)
90.8%
8.
Dark Side Of The Moon
89.8%
4.
OK Computer
88.9%
3.
Revolver
88%
35.
Thriller
87.6%
5.
(What's The Story) Morning Glory?
86.9%
11.
The Joshua Tree
85.5%
14.
Abbey Road
85.5%
12.
London Calling
85.1%
10.
The Bends
79.6%
1.
Definitely Maybe
79.4%
36.
The Wall
78.8%
22.
Pet Sounds
78.5%
16.
Never Mind the Bollocks, Here's The Sex Pistols
78.3%
17.
Led Zeppelin IV (Four Symbols)
78.2%
68.
Dookie
78%
32.
American Idiot
77.9%
18.
The Rise and Fall of Ziggy Stardust and The Spiders From Mars
77.7%
7.
The Stone Roses
76.7%
28.
Rubber Soul
76.3%
26.
Appetite For Destruction
76.1%
20.
Is This It
75.7%
95.
Kid A
75.7%
9.
The Queen Is Dead
75.4%
38.
Franz Ferdinand
75%
59.
Elephant
74.6%
79.
In Utero
74.2%
29.
Rumours
73.2%
80.
Back In Black
72.7%
52.
Parachutes
71.1%
44.
Led Zeppelin II
71%
19.
A Night At The Opera
69.8%
No.
Title
% Correct
25.
Bat Out Of Hell
69.2%
33.
A Rush Of Blood To The Head
68.5%
55.
The Velvet Underground & Nico
67.6%
42.
Exile On Main Street
66.2%
43.
Bridge Over Troubled Water
66.2%
34.
Parklife
66%
57.
What's Going On
66%
84.
Born To Run
65.2%
23.
Grace
65.1%
76.
Metallica (Black Album)
65.1%
100.
Hotel California
65.1%
40.
Achtung Baby
63.7%
50.
Who's Next
63.6%
21.
Hot Fuss
63%
71.
Blonde On Blonde
62.1%
30.
The Libertines
61.8%
37.
Automatic For The People
61.8%
66.
Ten
60.5%
93.
Jagged Little Pill
59.9%
74.
White Blood Cells
59%
41.
Wish You Were Here
58.9%
81.
Funeral
58.8%
47.
Blood On The Tracks
58.7%
97.
The Smiths
58.2%
62.
Goodbye Yellow Brick Road
57.4%
89.
Spice
57.4%
31.
Urban Hymns
55.7%
60.
Doolittle
55.6%
78.
Closer
55.2%
58.
Let It Bleed
54%
99.
Rage Against The Machine
53.3%
15.
Up The Bracket
53.2%
85.
Physical Graffiti
53%
73.
Blue
52.3%
No.
Title
% Correct
86.
Whatever People Say I Am, That's What I'm Not
52.3%
94.
Unknown Pleasures
51.9%
48.
Hunky Dory
51.4%
54.
Different Class
51%
45.
Parallel Lines
49.6%
98.
Electric Ladyland
49.6%
46.
Brothers In Arms
48.9%
39.
Tubular Bells
48.1%
67.
Kasabian
45.8%
24.
The Holy Bible
43.7%
56.
Forever Changes
40.4%
61.
Absolution
37.9%
65.
Sign 'O' The Times
37.3%
70.
Hounds Of Love
37.3%
27.
Employment
36.8%
90.
Violator
35.8%
87.
A Day At The Races
35.7%
49.
X&Y
35.5%
69.
Origin Of Symmetry
33.5%
83.
Ray Of Light
33.3%
64.
Come On Over
28.6%
75.
Dog Man Star
28.6%
77.
Dare!
27.3%
51.
Hopes & Fears
26.9%
92.
Electric Warrior
24.2%
72.
All Mod Cons
22.6%
63.
Sheer Heart Attack
21.9%
82.
Up All Night
21.1%
53.
Arrival
17.4%
88.
Lexicon Of Love
17%
91.
Final Straw
16.5%
96.
Out Of The Blue
10%
Quiz Playlist
Details
Report
Send in Message
Add To Playlist
Classic:
Type in answers that appear in a list
Quiz Source
Last Updated: Feb 16, 2017
Quiz Scoreboard
CHALLENGE
Sign Up to Join the Scoreboard
Show All
Scores
Hide
Comments
May contain spoilers
Recently Published
9x9 Crossword: Cartoon Network
by jackfrog10
Miscellaneous
3m
College Basketball Coaching Resumes
by pancakes188
Sports
9m
Billboard Blitz: Fleetwood Mac
by CooCooCachoo
Music
15s
More to Explore
Quiz From the Vault
Featured Blog Post
Where Did the Easter Bunny Come From?
hide this ad
You Might Also Like...
Tags
Album Quiz
Bands Quiz
100
100 Greatest
2006
greatest
nme
Reader
Voted
Today's Top Quizzes in Music
Browse Music
hide this ad
Today's Top Quizzes in Album
Browse Album
Top Contributed Quizzes in Music
1
Taylor Swift All Songs (2024)
2
Guess the Artist- 70s Songs
3
7-to-1: Billboard Hot 100 #1 Hits of 2010s
4
Sorting Albums and Songs
5
Taylor Swift Logic Puzzle
6
KPOP LOGIC QUIZ
7
Guess the Taylor Swift song (Mystery Song)
8
One Thing in Common: Music
9
2010s Album by Cover III
10
Guess The Taylor Swift Lyrics Song #1
Explore More
Trending Topics
Kpop
NBA
Crossword
Anime
Disney
Harry Potter
Marvel
The Office
Soccer
Pokémon
Song
NFL
Country
WWE
Puzzle
hide this ad
More By:
flanderosa
Quiz
Plays
Rating
Category
Featured
Created
All-Time Football League Clubs
5,715
3.70
Sports
Oct 1, 2009
Joy Division and New Order Songs
2,119
4.55
Music
Dec 12, 2009
NME 100 Greatest Albums (2006)
840
3.83
Music
Oct 3, 2009
100 Best Videogames (2007)
682
2.38
Gaming
Oct 3, 2009
Blur albums
313
3.33
Music
Oct 3, 2009
Go to Creator's Profile
Score Distribution
Quiz Creator Spotlight
flanderosa
Follow
Send a Message
Quizzes Created
-
Created Quiz Play Count
-
More By This Creator
Popular Quizzes Today
1
Find the US States - No Outlines Minefield
2
Find the Countries of Europe - No Outlines Minefield
3
The Countries of the World
4
Find the US States
5
Risky Map Clicking: Biggest States A-Z
6
US States
7
Popular People in 1961
8
Movies - When Are They Set?
More Music Quizzes
K-pop Groups in order of their debut
Quiz Lab
Trending Quizzes
Risky Map Clicking: Least Populous States A-Z
1-10 Letter G Words
1-10 Letter F Words
Risky Map Clicking: Next State Alphabetically
Adjectives in 80s TV Shows
Recently Updated
Leaping Animals
pecheneg
Reality TV Shows (A-Z)
bhenderson79
Rickey Henderson's Hall of Fame Teammates
pecheneg
Champions League XIs: Arsenal
pecheneg
Quick Pick: Celebrities in WWE's Hall of Fame
aduchscher
A-Z Keypad Blitz II
pecheneg
Multiple Oscar Actors
pecheneg
Mystery Phrase Blitz: Oscar 'Best Actors'
pecheneg
F. Scott Fitzgerald Novels
LTH
Pick 3 Villains
ddd62291
Trending Topics
NBA
Disney
Harry Potter
Kpop
Marvel
Anime
Crossword
Song
Country
WWE
NFL
Puzzle
Pokémon
The Office
Soccer
Your Account Isn't Verified!
In order to create a playlist on Sporcle, you need to verify the email address you used during registration. Go to your
Sporcle Settings
to finish the process.
Report this User
Report this user for behavior that violates our
Community Guidelines
.
Details:
Send Report
Go to the Sporcle.com Mobile Site →
Comments